Normal view
MARC view
- Pande, HD
Entry Personal Name
001 - CONTROL NUMBER
- control field: 102591
003 - CONTROL NUMBER IDENTIFIER
- control field: NUST
005 - DATE AND TIME OF LATEST TRANSACTION
- control field: 20221114180720.0
008 - FIXED-LENGTH DATA ELEMENTS
- fixed length control field: 221114|| aca||aabn | a|a d
040 ## - CATALOGING SOURCE
- Original cataloging agency: NUST
- Transcribing agency: NUST
100 ## - HEADING--PERSONAL NAME
- Personal name: Pande, HD
670 ## - SOURCE DATA FOUND
- Source citation: Work cat.: (NUST)176906: Pande, HD, A textbook of algebra materics and trigonometry /, 2005
